Mejores 8 selecciones de cada mundial - Estadísticas

Estadísticas generales
  • Esta prueba ha sido intentada 1.469 veces
  • La puntuación promedio es 38 de 48
Estadísticas de respuestas
Group Hint Respuesta % Correcto
Qatar 2022 Campeón Argentina
99%
Brasil 2014 Subcampeón Argentina
99%
Sudáfrica 2010 Cuartos de Final Argentina
99%
Alemania 2006 Cuartos de Final Argentina
99%
Qatar 2022 Subcampeón Francia
99%
Rusia 2018 Campeón Francia
99%
Alemania 2006 Subcampeón Francia
99%
Qatar 2022 Cuartos de Final Brasil
96%
Rusia 2018 Cuartos de Final Brasil
96%
Brasil 2014 Cuarto Puesto Brasil
96%
Sudáfrica 2010 Cuartos de Final Brasil
96%
Alemania 2006 Cuartos de Final Brasil
96%
Corea y Japón 2002 Campeón Brasil
96%
Sudáfrica 2010 Campeón España
96%
Corea y Japón 2002 Cuartos de Final España
96%
Brasil 2014 Campeón Alemania
95%
Sudáfrica 2010 Tercer Puesto Alemania
95%
Alemania 2006 Tercer Puesto Alemania
95%
Corea y Japón 2002 Subcampeón Alemania
95%
Qatar 2022 Tercer Puesto Croacia
93%
Rusia 2018 Subcampeón Croacia
93%
Qatar 2022 Cuartos de Final Países Bajos
93%
Brasil 2014 Tercer Puesto Países Bajos
93%
Sudáfrica 2010 Subcampeón Países Bajos
93%
Qatar 2022 Cuarto Puesto Marruecos
91%
Alemania 2006 Campeón Italia
86%
Qatar 2022 Cuartos de Final Inglaterra
85%
Rusia 2018 Cuarto Puesto Inglaterra
85%
Alemania 2006 Cuartos de Final Inglaterra
85%
Corea y Japón 2002 Cuartos de Final Inglaterra
85%
Qatar 2022 Cuartos de Final Portugal
82%
Alemania 2006 Cuarto Puesto Portugal
82%
Rusia 2018 Cuartos de Final Uruguay
81%
Sudáfrica 2010 Cuarto Puesto Uruguay
81%
Rusia 2018 Tercer Puesto Bélgica
80%
Brasil 2014 Cuartos de Final Bélgica
80%
Brasil 2014 Cuartos de Final Colombia
59%
Rusia 2018 Cuartos de Final Rusia
58%
Corea y Japón 2002 Cuarto Puesto Corea del Sur
56%
Brasil 2014 Cuartos de Final Chile
47%
Rusia 2018 Cuartos de Final Suecia
46%
Sudáfrica 2010 Cuartos de Final Paraguay
41%
Corea y Japón 2002 Tercer Puesto Turquía
40%
Sudáfrica 2010 Cuartos de Final Ghana
31%
Brasil 2014 Cuartos de Final Costa Rica
29%
Corea y Japón 2002 Cuartos de Final Senegal
22%
Corea y Japón 2002 Cuartos de Final EEUU
18%
Alemania 2006 Cuartos de Final Ucrania
15%
No se encontraron pruebas coincidentes
Distribución de puntuación
Porcentaje de gente con cada puntuación
Porcentaje por número respondido
Historial de tus puntuaciones
No has intentado esta prueba.